000 00311nam a22001337a 4500
008 171002b xxu||||| |||| 00| 0 eng d
020 _a3885326086
041 _aeng
080 _a37
100 _a47
101 _aEDU
245 _aLEHRUND UBUNGSBUSCH DER DEUTSCHEN GRAMATIK
_cSCHMITT.D
942 _2udc
_cBK
999 _c31099
_d31099